[Event "OGD Prinsenstad-toernooi - C groep"]
[Site "Delft"]
[Date "2008.01.04"]
[Round "1.5"]
[White "Gieben, Stijn"]
[Black "Snikkers, Tabitha"]
[Result "1-0"]
[WhiteElo "1621"]
[BlackElo "1498"]
[PlyCount "131"]
[EventDate "2008.01.04"]
[EventType "swiss"]
[EventRounds "6"]
[EventCountry "NED"]
[Source "DSC"]
[SourceDate "2008.04.25"]

1. e4 c5 2. Nf3 d6 3. d4 cxd4 4. Nxd4 Nf6 5. Nc3 g6 6. Bc4 Bg7 7. O-O O-O 8.
Nb3 Nc6 9. Be3 Ne5 10. Be2 a6 11. h3 b5 12. f4 Ned7 13. a3 Bb7 14. Bf3 Qc7 15.
Qe2 Rac8 16. Bd4 e5 17. fxe5 dxe5 18. Bf2 Ba8 19. Rfd1 Nb6 20. Nc5 Bb7 21. Nxb7
Qxb7 22. Bxb6 Qxb6+ 23. Qf2 Qxf2+ 24. Kxf2 Rfd8 25. Rxd8+ Rxd8 26. Rd1 Rxd1 27.
Bxd1 Kf8 28. Bg4 Nxg4+ 29. hxg4 Bf6 30. Nd5 Bd8 31. Nb4 a5 32. Nc6 Bc7 33. Ke2
Ke8 34. Na7 b4 35. axb4 axb4 36. Kd3 Bd6 37. Nb5 Bf8 38. Nc7+ Kd7 39. Nd5 b3
40. c3 Ke6 41. Ne3 Bh6 42. c4 Kd6 43. Nd5 Bg5 44. Kc3 Kc5 45. Nb4 Bd2+ 46. Kxd2
Kxb4 47. Kd3 g5 48. g3 f6 49. c5 Kxc5 50. Kc3 h6 51. Kxb3 Kb5 52. Kc3 Kc5 53.
b4+ Kb6 54. Kc4 Kc6 55. b5+ Kb7 56. Kc5 Kc7 57. b6+ Kb8 58. Kd6 Kb7 59. Ke6
Kxb6 60. Kxf6 Kc7 61. Kxe5 Kd7 62. Kf6 Ke8 63. Ke6 Kf8 64. Kd7 Kg7 65. e5 Kg6
66. e6 1-0

[Event "OGD Prinsenstad-toernooi - C groep"]
[Site "Delft"]
[Date "2008.01.04"]
[Round "1.11"]
[White "Snikkers, Fer"]
[Black "De Weerd, Peter"]
[Result "0-1"]
[WhiteElo "1400"]
[BlackElo "1332"]
[Annotator "Prinsenstad-toernooi"]
[PlyCount "78"]
[EventDate "2008.01.04"]
[EventType "swiss"]
[EventRounds "6"]
[EventCountry "NED"]
[Source "DSC"]
[SourceDate "2008.04.25"]

1. c4 e5 2. d3 Nf6 3. Nf3 Bb4+ 4. Bd2 Bxd2+ 5. Nbxd2 d6 6. g3 Be6 7. Bg2 Nbd7
8. Ng5 c6 9. Nxe6 fxe6 10. O-O Qb6 11. Rb1 O-O-O 12. b4 d5 13. a4 c5 14. bxc5
Qxc5 15. Rb5 (15. cxd5) 15... Qc6 16. Qb3 Nc5 17. Qa3 b6 18. Rfb1 (18. a5)
18... e4 19. d4 Ncd7 20. c5 (20. cxd5 $1 exd5 21. Rc1 $18) 20... Kb7 21. a5 Ra8
22. a6+ Kc8 23. cxb6 Nxb6 24. Rc1 Nc4 25. Qc5 $2 (25. Nxc4 Qxb5 26. Nd6+) 25...
Kd7 26. Qxc6+ (26. Rb7+) 26... Kxc6 27. Rc5+ Kd6 28. Nxc4+ dxc4 29. R1xc4 Rab8
30. Rc6+ Kd7 31. Bh3 Rhd8 32. Rc7+ Kd6 33. e3 g5 34. R4c5 (34. R4c6+ Kd5 35.
Bxe6#) 34... g4 35. Bf1 Nd5 36. Rxa7 (36. R5c6#) 36... Rb1 37. Rxh7 Rf8 38. a7
$4 Nxe3 $1 39. h4 Rxf1+ (39... Rxf1+ 40. Kh2 R8xf2#) 0-1

[Event "OGD Prinsenstad-toernooi - C groep"]
[Site "Delft"]
[Date "2008.01.05"]
[Round "2.3"]
[White "De Weerd, Peter"]
[Black "Gieben, Stijn"]
[Result "0-1"]
[WhiteElo "1332"]
[BlackElo "1621"]
[PlyCount "48"]
[EventDate "2008.01.04"]
[EventType "swiss"]
[EventRounds "6"]
[EventCountry "NED"]
[Source "DSC"]
[SourceDate "2008.04.25"]

1. d4 e6 2. c4 f5 3. g3 Nf6 4. Bg2 Nc6 5. Nc3 Bb4 6. Qd3 O-O 7. Nh3 b6 8. d5
exd5 9. cxd5 Ne5 10. Qd4 Bxc3+ 11. bxc3 d6 12. O-O h6 13. Nf4 Rb8 14. Nd3 Nxd3
15. Qxd3 Ng4 16. Qd4 Ba6 17. Re1 Qf6 18. Qxf6 Nxf6 19. Bb2 Bc4 20. e4 fxe4 21.
Bxe4 Nxe4 22. Rxe4 Bxd5 23. Rg4 Be6 24. Rg6 Bf5 0-1

[Event "OGD Prinsenstad-toernooi - C groep"]
[Site "Delft"]
[Date "2008.01.05"]
[Round "2.4"]
[White "Van der Meiden, Geurt Jan"]
[Black "Dirkse, Simon"]
[Result "1/2-1/2"]
[WhiteElo "1620"]
[BlackElo "1569"]
[PlyCount "102"]
[EventDate "2008.01.04"]
[EventType "swiss"]
[EventRounds "6"]
[EventCountry "NED"]
[Source "DSC"]
[SourceDate "2008.04.25"]

1. Nf3 d6 2. d4 g6 3. Bf4 Bg7 4. c3 Nf6 5. Nbd2 Nh5 6. Bg3 Nc6 7. e3 Nxg3 8.
hxg3 Bg4 9. Qb3 Bxf3 10. Nxf3 Qc8 11. Ng5 e6 12. Rxh7 Rxh7 13. Nxh7 Ke7 14. Ng5
Nd8 15. Bd3 c5 16. dxc5 Qxc5 17. Ne4 Qa5 18. Qb5 Qxb5 19. Bxb5 Rc8 20. Rd1 d5
21. Nd2 a6 22. Bd3 Nc6 23. Nf3 b5 24. Nd4 Ne5 25. Be2 Nc6 26. a4 Nxd4 27. exd4
bxa4 28. Bxa6 Ra8 29. Bd3 a3 30. Ra1 a2 31. Kd2 e5 32. dxe5 Bxe5 33. Kc2 Bd6
34. Kb3 Bc5 35. f4 Bf2 36. g4 d4 37. Rxa2 Rxa2 38. Kxa2 dxc3 39. bxc3 Bg3 40.
f5 g5 41. Kb3 f6 42. Kb4 Kd6 43. c4 Be1+ 44. Kb5 Bf2 45. Be2 Bc5 46. Bf3 Bf2
47. Ka6 Bc5 48. Kb7 Be3 49. Kc8 Bc5 50. Kb7 Be3 51. Kc8 Bc5 1/2-1/2

[Event "OGD Prinsenstad-toernooi - C groep"]
[Site "Delft"]
[Date "2008.01.05"]
[Round "2.5"]
[White "Oxener, Aldo"]
[Black "Van der Willik, Bert"]
[Result "1/2-1/2"]
[WhiteElo "1621"]
[BlackElo "1432"]
[PlyCount "55"]
[EventDate "2008.01.04"]
[EventType "swiss"]
[EventRounds "6"]
[EventCountry "NED"]
[Source "DSC"]
[SourceDate "2008.04.25"]

1. Nf3 d5 2. d4 Nf6 3. e3 Bg4 4. c4 c6 5. cxd5 cxd5 6. Nc3 e6 7. Bd2 Be7 8. Be2
O-O 9. Rc1 Nbd7 10. O-O a6 11. Qb3 b5 12. h3 Bxf3 13. Bxf3 Nb6 14. e4 Nc4 15.
Be3 b4 16. Nd1 dxe4 17. Bxe4 Nxe4 18. Qxc4 Bd6 19. Qd3 Qh4 20. f4 Nf6 21. Rc6
Bb8 22. Rxa6 Ba7 23. Ra4 Nd5 24. Bd2 Rfb8 25. Rf3 Qf6 26. Kh1 Bxd4 27. Rxa8
Rxa8 28. Qb3 1/2-1/2

[Event "OGD Prinsenstad-toernooi - C groep"]
[Site "Delft"]
[Date "2008.01.05"]
[Round "3.1"]
[White "Gieben, Stijn"]
[Black "Kuijper, Hans"]
[Result "1/2-1/2"]
[WhiteElo "1621"]
[BlackElo "1634"]
[PlyCount "73"]
[EventDate "2008.01.04"]
[EventType "swiss"]
[EventRounds "6"]
[EventCountry "NED"]
[Source "DSC"]
[SourceDate "2008.04.25"]

1. e4 e6 2. d3 d5 3. exd5 exd5 4. g3 Nf6 5. Bg2 Be7 6. Bf4 O-O 7. Nc3 c6 8. Nf3
Bd6 9. Qd2 Re8+ 10. Ne2 Bxf4 11. Qxf4 Qe7 12. Qd2 Bg4 13. h3 Bh5 14. g4 Bg6 15.
Nfd4 h6 16. Bf3 Nbd7 17. O-O-O a5 18. h4 Ne5 19. g5 Nxf3 20. gxf6 Qxf6 21. Nxf3
Qxf3 22. Ng3 Qf6 23. h5 Bf5 24. Rhg1 Bg4 25. Rde1 Qg5 26. Rxe8+ Rxe8 27. f4 Qe7
28. f5 Qf6 29. Kb1 Qg5 30. Qf2 Bxh5 31. Ne4 Qe7 32. Qd4 Bg6 33. fxg6 dxe4 34.
gxf7+ Qxf7 35. dxe4 Re7 36. Qd8+ Kh7 37. Qd3 1/2-1/2

[Event "OGD Prinsenstad-toernooi - C groep"]
[Site "Delft"]
[Date "2008.01.05"]
[Round "3.2"]
[White "Neuteboom, Martin"]
[Black "Van der Willik, Bert"]
[Result "0-1"]
[WhiteElo "1654"]
[BlackElo "1432"]
[Annotator "Prinsenstad-toernooi"]
[PlyCount "22"]
[EventDate "2008.01.04"]
[EventType "swiss"]
[EventRounds "6"]
[EventCountry "NED"]
[Source "DSC"]
[SourceDate "2008.04.25"]

1. e4 e5 2. Nf3 Nc6 3. d4 exd4 4. Nxd4 Bc5 5. Be3 Qh4 6. Nb5 $4 (6. Nc3 Bb4 7.
a3 Bxc3+ 8. bxc3 Qxe4 9. Nb5 Kd8 $13) 6... Bxe3 $1 7. Nxc7+ Kd8 8. g3 Qxe4 9.
f3 Qb4+ 10. c3 $4 (10. Nc3 Kxc7 $19) 10... Qxb2 11. Nxa8 $4 (11. Nd2 {
Voorkomt het mat. Niets meer, niets minder:} Kxc7 12. Rc1 $19) 11... Qf2# 0-1

[Event "OGD Prinsenstad-toernooi - C groep"]
[Site "Delft"]
[Date "2008.01.05"]
[Round "3.3"]
[White "Kirana, Nancy"]
[Black "Van der Meiden, Geurt Jan"]
[Result "1/2-1/2"]
[WhiteElo "1596"]
[BlackElo "1620"]
[PlyCount "117"]
[EventDate "2008.01.04"]
[EventType "swiss"]
[EventRounds "6"]
[EventCountry "NED"]
[Source "DSC"]
[SourceDate "2008.04.25"]

1. e4 e6 2. d4 d5 3. exd5 exd5 4. Nc3 Nf6 5. Nf3 c6 6. Bf4 Bd6 7. Bxd6 Qxd6 8.
Bd3 O-O 9. O-O Bg4 10. h3 Bh5 11. Be2 Nbd7 12. Re1 Rfe8 13. Ng5 Bg6 14. Qd2 Nb6
15. Bd3 Rac8 16. Bxg6 hxg6 17. Nf3 Nc4 18. Qg5 Nxb2 19. Ne5 Qb4 20. Qd2 Nc4 21.
Nxc4 Qxc4 22. Rxe8+ Rxe8 23. Rb1 b6 24. a3 Ne4 25. Nxe4 Rxe4 26. Rb4 Qe2 27.
Qxe2 Rxe2 28. c4 dxc4 29. Rxc4 Re6 30. g3 b5 31. Rc3 Rd6 32. Rd3 a5 33. Kf1 c5
34. Rb3 Rxd4 35. Rxb5 Ra4 36. Rxc5 Rxa3 37. Rc8+ Kh7 38. Ke2 Ra2+ 39. Ke3 a4
40. Ra8 a3 41. Ra4 Ra1 42. Kf3 f6 43. h4 a2 44. Ra8 g5 45. Ra6 g6 46. Ra7+ Kh6
47. Ra8 Kg7 48. Ra6 Kf7 49. Kg2 g4 50. Kh2 Ke7 51. Kg2 Kd7 52. Kh2 Kc7 53. Kg2
Kb7 54. Ra4 Kb6 55. Ra8 Kb5 56. Rb8+ Kc4 57. Rc8+ Kd5 58. Rd8+ Ke6 59. Ra8
1/2-1/2

[Event "OGD Prinsenstad-toernooi - C groep"]
[Site "Delft"]
[Date "2008.01.05"]
[Round "3.4"]
[White "IJzermans, Cees"]
[Black "Poots, René"]
[Result "1/2-1/2"]
[WhiteElo "1600"]
[BlackElo "1528"]
[Annotator "Prinsenstad-toernooi"]
[PlyCount "60"]
[EventDate "2008.01.04"]
[EventType "swiss"]
[EventRounds "6"]
[EventCountry "NED"]
[Source "DSC"]
[SourceDate "2008.04.25"]

1. e4 c6 2. d4 d5 3. exd5 cxd5 4. Bf4 Bf5 5. Bd3 Bxd3 6. Qxd3 Nf6 7. Nf3 g6 8.
Nbd2 Bg7 9. O-O O-O 10. b3 Re8 11. c4 Nc6 12. Rfd1 Nh5 13. Be3 e6 14. c5 e5 15.
dxe5 Nxe5 16. Nxe5 Bxe5 17. Rac1 d4 18. Bh6 $2 (18. Nf3 $15) 18... Bf4 $1 19.
Bxf4 Nxf4 20. Qf3 Ne2+ 21. Kf1 Nxc1 {En zwart wint de kwaliteit.} 22. Rxc1 Re6
23. Ne4 (23. Qxb7 $15) 23... Rc8 24. Rd1 f5 $2 25. Nd6 Rxd6 (25... Rc7 26. Qd5
Rce7 27. Qxd4 {en de octopus maak veel (zeer veel) goed.}) 26. cxd6 Qxd6 27.
Qxb7 Re8 28. g3 Qe5 29. Qf3 Rd8 30. a4 a5 1/2-1/2

[Event "OGD Prinsenstad-toernooi - C groep"]
[Site "Delft"]
[Date "2008.01.05"]
[Round "3.5"]
[White "Dirkse, Simon"]
[Black "Verbeek, Matthijs"]
[Result "1-0"]
[WhiteElo "1569"]
[BlackElo "1454"]
[Annotator "Prinsenstad-toernooi"]
[PlyCount "69"]
[EventDate "2008.01.04"]
[EventType "swiss"]
[EventRounds "6"]
[EventCountry "NED"]
[Source "DSC"]
[SourceDate "2008.04.25"]

1. e4 e5 2. Nf3 Nc6 3. Bc4 Bc5 4. c3 Nf6 5. d4 Bb6 6. O-O O-O 7. Bg5 d6 8. h3
Re8 9. d5 Nb8 10. Nbd2 Nbd7 11. b4 Rf8 12. Be3 h6 13. g4 Nh7 14. Kg2 Qf6 15.
Qe2 Qe7 16. Nh2 Ng5 17. Bxb6 axb6 18. a4 Nf6 19. a5 bxa5 20. bxa5 Qd7 21. Bd3
h5 22. f4 exf4 23. Rxf4 hxg4 24. hxg4 c6 25. Qf2 Qd8 26. Qh4 Ngh7 27. g5 ({
Direct} 27. Nhf3 {(zelfde idee) is sterker:}) 27... Nd7 $2 (27... Nxg5 28. Qxg5
Nxd5 $1) 28. Nhf3 $1 Re8 29. Rh1 Ndf8 30. e5 $1 g6 31. e6 (31. Ne4 -- {
Met dodelijke dreiging} 32. Nf6+) 31... Bxe6 {
Zwart geeft een stuk, het is het beste wat hij heeft.} 32. dxe6 Rxe6 33. Ne4
Qxa5 34. Nf6+ Rxf6 35. gxf6 (35. gxf6 -- 36. Qh6 Nxf6 37. Qh8#) 1-0

[Event "OGD Prinsenstad-toernooi - C groep"]
[Site "Delft"]
[Date "2008.01.05"]
[Round "4.1"]
[White "Van der Willik, Bert"]
[Black "Gieben, Stijn"]
[Result "0-1"]
[WhiteElo "1432"]
[BlackElo "1621"]
[Annotator "Prinsenstad-toernooi"]
[PlyCount "60"]
[EventDate "2008.01.04"]
[EventType "swiss"]
[EventRounds "6"]
[EventCountry "NED"]
[Source "DSC"]
[SourceDate "2008.04.25"]

1. e4 d6 2. d4 Nf6 3. Nc3 g6 4. Bd3 Bg7 5. Nf3 O-O 6. O-O Nc6 7. a3 Bg4 8. Be2
Nd7 9. Be3 e5 10. d5 Ne7 11. h3 Bxf3 12. Bxf3 f5 13. Qd3 fxe4 14. Qxe4 Nf6 15.
Qb4 b6 16. Qb3 Kh8 17. Ne4 Nxe4 18. Bxe4 Nf5 19. Rae1 Nxe3 20. Rxe3 Bh6 21. Re2
Qd7 22. Qg3 Bf4 23. Qh4 Qg7 24. f3 h5 25. g4 Rg8 26. Rg2 Qf7 27. Kh1 b5 28.
Rfg1 Qd7 29. gxh5 g5 30. Rg4 $4 (30. Qg4 $16) 30... gxh4 0-1

[Event "OGD Prinsenstad-toernooi - C groep"]
[Site "Delft"]
[Date "2008.01.05"]
[Round "4.2"]
[White "Kirana, Nancy"]
[Black "Dirkse, Simon"]
[Result "1-0"]
[WhiteElo "1596"]
[BlackElo "1569"]
[PlyCount "113"]
[EventDate "2008.01.04"]
[EventType "swiss"]
[EventRounds "6"]
[EventCountry "NED"]
[Source "DSC"]
[SourceDate "2008.04.25"]

1. e4 d6 2. d4 g6 3. Nc3 a6 4. Nf3 Bg7 5. Bc4 e6 6. Be3 b5 7. Bb3 Bb7 8. a3 Nd7
9. O-O c5 10. d5 c4 11. dxe6 fxe6 12. Ba2 Nc5 13. Bxc5 dxc5 14. Qxd8+ Rxd8 15.
Rfe1 Nf6 16. Rab1 Ng4 17. h3 Ne5 18. Ng5 Ke7 19. f4 Nc6 20. a4 Nb4 21. e5 h6
22. Nge4 Bxe4 23. Rxe4 Nxa2 24. Nxa2 Rd2 25. axb5 axb5 26. Rc1 Kd7 27. Nc3 Kc6
28. Re3 g5 29. fxg5 hxg5 30. Ne4 Rd5 31. Nxg5 Bh6 32. h4 Bxg5 33. hxg5 Rg8 34.
Rg3 Rxe5 35. g6 Kd7 36. Ra1 Rf5 37. Ra7+ Kd6 38. g7 Rf6 39. Rg5 Rf5 40. Rg6 Ke5
41. Ra5 Rf7 42. Rxb5 Rfxg7 43. Rxc5+ Kd4 44. Rxg7 Rxg7 45. Rh5 e5 46. Kf2 e4
47. Rh4 Rb7 48. c3+ Kd3 49. Rh3+ Kc2 50. Ke3 Rxb2 51. Kxe4 Rb3 52. g4 Rb8 53.
g5 Rg8 54. Rg3 Kd2 55. g6 Rg7 56. Kd5 Ke2 57. Kxc4 1-0

[Event "OGD Prinsenstad-toernooi - C groep"]
[Site "Delft"]
[Date "2008.01.05"]
[Round "4.3"]
[White "Poots, René"]
[Black "Loke, Jim"]
[Result "1-0"]
[WhiteElo "1528"]
[BlackElo "1595"]
[Annotator "Prinsenstad-toernooi"]
[PlyCount "53"]
[EventDate "2008.01.04"]
[EventType "swiss"]
[EventRounds "6"]
[EventCountry "NED"]
[Source "DSC"]
[SourceDate "2008.04.25"]

1. d4 d6 2. c4 Nd7 3. Nc3 g6 4. Nf3 Bg7 5. e4 b6 6. b3 e6 7. Bb2 Ne7 8. Rc1 Bb7
9. Qc2 O-O 10. Bd3 Nc6 11. a3 Nxd4 12. Nxd4 Bxd4 13. Nd1 Bg7 14. Bxg7 Kxg7 15.
Ne3 Qg5 16. O-O Kg8 17. Nd1 f5 18. f3 Nc5 19. Nc3 $4 (19. Nf2) 19... Qe3+ 20.
Kh1 Qxd3 21. Qf2 Nxb3 22. Rc2 fxe4 23. Rd1 Qxc4 24. Nxe4 Qa6 25. Rxc7 Bxe4 26.
Qh4 h5 $4 27. Qe7 $1 {met ondekbaar mat.} (27. Qe7 -- 28. Qh7#) 1-0

[Event "OGD Prinsenstad-toernooi - C groep"]
[Site "Delft"]
[Date "2008.01.05"]
[Round "4.4"]
[White "IJzermans, Cees"]
[Black "Slotboom, Teus"]
[Result "1-0"]
[WhiteElo "1600"]
[BlackElo "1459"]
[PlyCount "61"]
[EventDate "2008.01.04"]
[EventType "swiss"]
[EventRounds "6"]
[EventCountry "NED"]
[Source "DSC"]
[SourceDate "2008.04.25"]

1. e4 d6 2. d4 Nf6 3. Bd3 Nbd7 4. Be3 e5 5. d5 Be7 6. c4 c5 7. Nc3 a6 8. f3 Nb6
9. Qd2 Bd7 10. Nge2 Qc7 11. a4 h6 12. a5 Nc8 13. Nd1 Nh7 14. f4 Bh4+ 15. Bf2
Bxf2+ 16. Nxf2 exf4 17. Nxf4 O-O 18. O-O Ng5 19. h4 Nh7 20. g4 f6 21. Qc2 Rf7
22. e5 g5 23. e6 Bxe6 24. dxe6 Rg7 25. Nh5 Re7 26. Bxh7+ Rxh7 27. Nxf6+ Kh8 28.
Qxh7+ Qxh7 29. Nxh7 Kxh7 30. hxg5 hxg5 31. Ne4 1-0

[Event "OGD Prinsenstad-toernooi - C groep"]
[Site "Delft"]
[Date "2008.01.06"]
[Round "5.1"]
[White "Gieben, Stijn"]
[Black "IJzermans, Cees"]
[Result "1/2-1/2"]
[WhiteElo "1621"]
[BlackElo "1600"]
[PlyCount "72"]
[EventDate "2008.01.04"]
[EventType "swiss"]
[EventRounds "6"]
[EventCountry "NED"]
[Source "DSC"]
[SourceDate "2008.04.25"]

1. e4 c5 2. Nf3 Nc6 3. d4 cxd4 4. Nxd4 e5 5. Nb5 d6 6. N1c3 a6 7. Na3 b5 8. Nd5
Nce7 9. c4 Nxd5 10. Qxd5 Be6 11. Qd1 bxc4 12. Bxc4 Be7 13. O-O Nf6 14. Re1 O-O
15. Bg5 Kh8 16. Qd2 Nxe4 17. Bxe7 Nxd2 18. Bxd8 Nxc4 19. Be7 Rfb8 20. Nxc4 Bxc4
21. b3 Be6 22. Bxd6 Rd8 23. Bxe5 a5 24. Red1 Re8 25. Bb2 a4 26. b4 a3 27. Be5
Bc4 28. Bc7 Re2 29. Ba5 Bxa2 30. Rd3 Rae8 31. h3 Rb2 32. Rxa3 Ree2 33. Rf3 h6
34. Rc1 Bd5 35. Rf5 Be6 36. Rf3 Bd5 1/2-1/2

[Event "OGD Prinsenstad-toernooi - C groep"]
[Site "Delft"]
[Date "2008.01.06"]
[Round "5.3"]
[White "Elisen, Peter"]
[Black "Poots, René"]
[Result "0-1"]
[WhiteElo "1525"]
[BlackElo "1528"]
[PlyCount "50"]
[EventDate "2008.01.04"]
[EventType "swiss"]
[EventRounds "6"]
[EventCountry "NED"]
[Source "DSC"]
[SourceDate "2008.04.25"]

1. d4 d5 2. c4 e6 3. Nc3 c6 4. Nf3 dxc4 5. a4 Bb4 6. e4 Bxc3+ 7. bxc3 b5 8.
axb5 cxb5 9. Be2 Bb7 10. e5 Ne7 11. O-O Nd5 12. Qc2 Nd7 13. Ng5 a5 14. Ne4 O-O
15. Nd6 Bc6 16. Ba3 Qg5 17. Ne4 Qg6 18. Qb1 Nxc3 19. Nf6+ gxf6 20. Qxg6+ fxg6
21. Bxc4 bxc4 22. Bxf8 Ne2+ 23. Kh1 Kxf8 24. exf6 Nxf6 25. Rfd1 Ne4 0-1

[Event "OGD Prinsenstad-toernooi - C groep"]
[Site "Delft"]
[Date "2008.01.06"]
[Round "5.4"]
[White "Van der Meiden, Geurt Jan"]
[Black "Bemmelmans, Kristy"]
[Result "1-0"]
[WhiteElo "1620"]
[BlackElo "1371"]
[PlyCount "27"]
[EventDate "2008.01.04"]
[EventType "swiss"]
[EventRounds "6"]
[EventCountry "NED"]
[Source "DSC"]
[SourceDate "2008.04.25"]

1. Nf3 Nf6 2. d4 g6 3. Bg5 Ne4 4. Nc3 Nxg5 5. Nxg5 Bg7 6. e3 d5 7. Qf3 Be6 8.
h4 h6 9. Nxe6 fxe6 10. Qg4 Kd7 11. Nxd5 h5 12. Qxg6 Bxd4 13. Nf4 Bc5 14. Nxe6
1-0

[Event "OGD Prinsenstad-toernooi - C groep"]
[Site "Delft"]
[Date "2008.01.06"]
[Round "5.5"]
[White "Dirkse, Simon"]
[Black "Peters, Paul"]
[Result "1-0"]
[WhiteElo "1569"]
[BlackElo "1540"]
[PlyCount "31"]
[EventDate "2008.01.04"]
[EventType "swiss"]
[EventRounds "6"]
[EventCountry "NED"]
[Source "DSC"]
[SourceDate "2008.04.25"]

1. e4 e5 2. Nf3 Nc6 3. Bc4 Bc5 4. c3 Nf6 5. d4 exd4 6. cxd4 Bb4+ 7. Kf1 O-O 8.
d5 Na5 9. Bd3 Qe7 10. a3 Bd6 11. b4 Bxb4 12. axb4 Qxb4 13. Bd2 Qb3 14. Bc2 Qc4+
15. Kg1 Nxe4 16. Bxe4 1-0

[Event "OGD Prinsenstad-toernooi - C groep"]
[Site "Delft"]
[Date "2008.01.06"]
[Round "5.6"]
[White "Tjien A Lien, Ike"]
[Black "Neuteboom, Martin"]
[Result "0-1"]
[WhiteElo "1677"]
[BlackElo "1654"]
[Annotator "Prinsenstad-toernooi"]
[PlyCount "38"]
[EventDate "2008.01.04"]
[EventType "swiss"]
[EventRounds "6"]
[EventCountry "NED"]
[Source "DSC"]
[SourceDate "2008.04.25"]

1. e4 e5 2. Nf3 Nc6 3. Bc4 Bc5 4. O-O Nf6 5. d3 d6 6. h3 h6 7. Nc3 a6 8. a4 Ne7
9. Ne2 Nh5 10. c3 f5 11. b4 Ba7 12. Qb3 Rf8 13. Be3 fxe4 14. dxe4 Bxh3 $1 15.
Bxa7 {Diagram #} Rxf3 $1 {Na eerst op h3 te heben geslagen, gooit zwart nu een
tweede stuk in de strijd. Hiermee gaat hij met grof geweld door de
koningstelling heen.} 16. gxf3 (16. Be3) 16... Nd5 17. Ng3 ({
Na slaan is het direct mis:} 17. Bxd5 $2 Qg5+ 18. Ng3 Nxg3 19. Kh2 (19. fxg3 $2
Qxg3+ 20. Kh1 Qg2#) 19... Ne2 20. Kxh3 Nf4+ 21. Kh2 Qg2#) 17... Qh4 {Diagram #}
18. Bxd5 $2 ({Wit moet iets proberen als} 18. Ra2 Nxg3 19. fxg3 Qxg3+ 20. Kh1
Nf4 21. Rg1 Qxf3+ 22. Kh2 Kf8 $13 {Hoewel het er op lijkt dat zwart dan ook de
overhand heeft. Ondanks de materieele achterstand.}) 18... Nxg3 19. Bc6+ Ke7 (
19... Ke7 20. -- Ne2+ 21. Kh2 Bxf1#) 0-1

[Event "OGD Prinsenstad-toernooi - C groep"]
[Site "Delft"]
[Date "2008.01.06"]
[Round "6.2"]
[White "Neuteboom, Martin"]
[Black "Kuijper, Hans"]
[Result "1/2-1/2"]
[WhiteElo "1654"]
[BlackElo "1634"]
[PlyCount "136"]
[EventDate "2008.01.04"]
[EventType "swiss"]
[EventRounds "6"]
[EventCountry "NED"]
[Source "DSC"]
[SourceDate "2008.04.25"]

1. e4 e6 2. d4 d5 3. exd5 exd5 4. Bd3 Nf6 5. h3 Bd6 6. Nf3 O-O 7. O-O c6 8. Bg5
Nbd7 9. Qd2 Re8 10. Nc3 Bf8 11. Rfe1 h6 12. Rxe8 Qxe8 13. Re1 Qd8 14. Bh4 Qc7
15. Ne2 Bd6 16. Ng3 Bf4 17. Qe2 g5 18. Nh5 Nxh5 19. Qe8+ Nf8 20. Bxg5 Bxg5 21.
Nxg5 hxg5 22. Re5 f6 23. Re7 Qxe7 24. Qxe7 Bd7 25. Kf1 Re8 26. Qb4 b5 27. a3
Nf4 28. Qc5 Nxd3 29. cxd3 a5 30. a4 Ne6 31. Qa7 Bc8 32. Qxa5 Nxd4 33. Qc3 Ne6
34. Qxc6 Kf7 35. Qxd5 bxa4 36. Qc4 Bd7 37. d4 Kf8 38. Qb4+ Kf7 39. d5 Nf4 40.
Qb7 Ke7 41. Qb4+ Kf7 42. Qd6 Bb5+ 43. Kg1 Re7 44. Qb4 Bd7 45. Qd6 Bb5 46. Qb4
Bd7 47. Qd6 Bb5 48. Qb4 Bd7 49. d6 Re6 50. Qc5 Nd3 51. Qc7 Ne5 52. Qc5 Re8 53.
Qc7 Rc8 54. Qa5 Ke6 55. Qb4 Rc6 56. Qb8 Rxd6 57. Qg8+ Nf7 58. Qb8 Rd1+ 59. Kh2
Rd6 60. Qb7 Ke7 61. Qb4 Kd8 62. Qb8+ Ke7 63. Qb4 Ke8 64. Qe4+ Re6 65. Qg6 Ke7
66. Qg7 Rd6 67. Qg6 Rd5 68. Qb1 Rd6 1/2-1/2

[Event "OGD Prinsenstad-toernooi - C groep"]
[Site "Delft"]
[Date "2008.01.06"]
[Round "6.3"]
[White "IJzermans, Cees"]
[Black "Dirkse, Simon"]
[Result "1-0"]
[WhiteElo "1600"]
[BlackElo "1569"]
[PlyCount "81"]
[EventDate "2008.01.04"]
[EventType "swiss"]
[EventRounds "6"]
[EventCountry "NED"]
[Source "DSC"]
[SourceDate "2008.04.25"]

1. e4 d6 2. Nc3 g6 3. f4 Bg7 4. Be2 a6 5. a4 c5 6. Nf3 Nc6 7. O-O h5 8. Bc4 Bg4
9. Ne2 Bxf3 10. Rxf3 Nf6 11. d3 h4 12. f5 Ne5 13. fxg6 Nxf3+ 14. gxf3 d5 15.
gxf7+ Kxf7 16. exd5 Nh5 17. Bg5 Qd6 18. Qd2 Bf6 19. f4 Rhg8 20. Kh1 Raf8 21.
Nc3 Bxc3 22. bxc3 Ke8 23. Re1 Rxg5 24. fxg5 Nf4 25. d4 b6 26. Rf1 Kd8 27. Qe3
b5 28. dxc5 Qc7 29. axb5 axb5 30. Bxb5 e6 31. dxe6 Qb7+ 32. c6 Qxb5 33. Qd4+
Kc7 34. Qd7+ Kb6 35. Qb7+ Kc5 36. Qxb5+ Kxb5 37. e7 Re8 38. Rxf4 Kxc6 39. Re4
Kd5 40. Re3 Kc6 41. Kg2 1-0

[Event "OGD Prinsenstad-toernooi - A groep"]
[Site "Delft"]
[Date "2009.01.02"]
[Round "1.1"]
[White "Van den Doel, Erik"]
[Black "Van Loenen, Daniël"]
[Result "1-0"]
[WhiteElo "2566"]
[BlackElo "2073"]
[Annotator "Prinsenstad-toernooi"]
[PlyCount "45"]
[EventDate "2009.01.02"]
[EventType "swiss"]
[EventRounds "6"]
[EventCountry "NED"]
[Source "DSC"]
[SourceDate "2009.01.02"]

1. e4 e6 2. d4 d5 3. Nc3 Bb4 4. exd5 exd5 5. Bd3 Nf6 6. Nge2 O-O 7. O-O Bg4 8.
Bg5 c6 9. Qd2 Bd6 10. Ng3 Nbd7 11. f3 Be6 12. f4 Nb6 13. Rae1 Nc4 14. Bxc4 dxc4
15. f5 Bd5 $2 (15... Bxg3 16. hxg3 Bd5 $14) 16. Nxd5 cxd5 17. Nh5 Be7 {
Diagram #} 18. Rxe7 $1 Nxh5 19. Qe2 f6 20. Bd2 g6 21. fxg6 hxg6 22. Qe6+ Kh8
23. Rxb7 (23. Rxb7 -- 24. Qe3) 1-0

[Event "OGD Prinsenstad-toernooi - A groep"]
[Site "Delft"]
[Date "2009.01.02"]
[Round "1.2"]
[White "Colijn, Stefan"]
[Black "Reinderman, Dimitri"]
[Result "0-1"]
[WhiteElo "2066"]
[BlackElo "2545"]
[Annotator "Prinsenstad-toernooi"]
[PlyCount "48"]
[EventDate "2009.01.02"]
[EventType "swiss"]
[EventRounds "6"]
[EventCountry "NED"]
[Source "DSC"]
[SourceDate "2009.01.02"]

1. e4 c5 2. c3 Nf6 3. e5 Nd5 4. d4 cxd4 5. cxd4 d6 6. f4 dxe5 7. fxe5 Nc6 8.
Nc3 e6 9. Nf3 Bb4 10. Bd2 Nxd4 ({
Door een verkeerde registratie op het livebord was op internet te 'zien' dat} 
10... Nxe5 11. dxe5 {op het bord kwam. Tot hilariteit van de toeschouwers.})
11. Bd3 Nc6 12. Qe2 Nxc3 13. bxc3 Bc5 14. Ng5 Qc7 15. Rf1 Qxe5 16. Be4 (16.
Nxf7 Qxe2+ 17. Kxe2 O-O $17) 16... Nd8 17. Rf3 Be7 18. Bf4 Qc5 19. Rb1 Bd7 20.
Bxb7 Nxb7 21. Nxf7 Rf8 22. Rxb7 Rxf7 23. Rc7 Qb6 24. Qe4 Rc8 {
En wit gelooft het verder wel.} (24... Rc8 25. Rxc8+ Bxc8 $19 {
een gezond stuk meer voor de witten.}) (24... Rc8 25. Rxd7 Bh4+ (25... Kxd7 $4
26. Be3 $1) 26. g3 Rxd7 27. gxh4 $19 {
Een kwaliteit en initiatief voor de zwarten.}) 0-1